00562nam a2200193Ia 4500003000900000008004100009020001800050040001600068080001600084100001900100245009800119260003800217300001400255650001900269650001900288650001100307650003000318650002000348IN-BaIIA211028s9999 xx 000 0 eng d a0-07-451925-5 cIIA Library a535.43bSRI aSrinath, L. S. 0aScattered light photoelasticitycL. S. Srinath  aNew DelhibTata McGraw-Hillc1983 aix, 162p. aCrystal optics aNASA Thesaurus aOptics aPhotoelasticitic analysis aScattered light